| 000 | 00640nam a2200181Ia 4500 | ||
|---|---|---|---|
| 008 | 090124s9999 xx 000 0 und d | ||
| 082 |
_b25563 _a3252 |
||
| 100 | _aपंडित नलिनी | ||
| 245 | _a धर्म शास्त्र व समाज (सामाजिक) | ||
| 250 | _a1 | ||
| 260 | _c1987 | ||
| 300 | _a82 | ||
| 600 | _aपंडित नलिनी | ||
| 630 | _a धर्म शास्त्र व समाज (सामाजिक) | ||
| 700 | _aपंडित नलिनी | ||
| 730 | _a धर्म शास्त्र व समाज (सामाजिक) | ||
| 942 | _cBOOK | ||
| 999 |
_c139069 _d139069 |
||